Elementos de administración: un enfoque internacional y de innovación

Guardat en:
Dades bibliogràfiques
Autors principals: Koontz, Harold (Autor), Weihrich, Heinz (Autor)
Format: Llibre
Idioma:espanyol
Publicat: Ciudad de México, México. McGraw-Hill Interamericana, 2013
Edició:3a. ed
Matèries:
Etiquetes: Afegir etiqueta
Sense etiquetes, Sigues el primer a etiquetar aquest registre!

MARC

LEADER 00000cam a2200000 a 4500
001 UCC9616
003 CL-VaPUC
005 20230905074226.0
008 191010e20130000mx |||||||||||||||||spa|d
999 |c 375764  |d 375762 
020 |a 9786071509314 
040 |c Pontificia Universidad Católica de Valparaíso 
082 0 4 |a 658 KOO 2013  |2 21 
100 |a Koontz, Harold  |e author  |9 222211 
245 1 0 |a Elementos de administración: un enfoque internacional y de innovación 
250 |a 3a. ed 
260 |a Ciudad de México, México.  |b McGraw-Hill Interamericana,  |c 2013 
300 |a 457 páginas 
583 |a last modification  |c 20191010 15:29:00  |k Rodrigo Vera 
650 0 |a Administración de empresas   |9 260833 
650 0 |a Responsabilidad social empresarial  |9 525230 
650 0 |a Planificación estratégica   |9 259735 
650 0 |a Toma de decisiones   |9 257530 
650 0 |a Gestión organizacional  |2 CL-VaPUC  |9 528422 
650 0 |a Recursos humanos   |9 228420 
650 0 |a Liderazgo  |9 271835 
650 0 |a Control de calidad   |9 259714 
700 0 |a Weihrich, Heinz  |e author  |9 604739 
942 |c BK  |2 ddc 
945 |d 20191010 15:29:00  |a cmena 
952 |0 0  |1 0  |2 ddc  |3 erb  |4 0  |6 658_000000000000000_KOO_2013  |7 0  |8 A  |9 494813  |a BIBING  |b BIBING  |c RES  |i 5563569  |l 2  |m 1  |o 658 KOO 2013  |p 5563569  |r 2025-01-20  |s 2024-04-29  |w 2019-11-24  |y BK  |z Catalogado en:20191010  |k EII 
952 |0 0  |1 0  |2 ddc  |3 erb  |4 0  |6 658_000000000000000_KOO_2013  |7 0  |8 A  |9 494814  |a BIBING  |b BIBING  |c RES  |i 5563550  |l 2  |m 2  |o 658 KOO 2013  |p 5563550  |r 2025-01-20  |s 2024-04-22  |w 2019-11-24  |y BK  |z Catalogado en:20191010  |k EII